000
003210000a22001450004500
003
MACL
040
_a
MACL
090
_c
33109
_d
33107
100
_a
Jain, Dr Madhulika
245
_a
"o" level Made Simple
260
_b
BP B Publications
_c
2002
350
_a
180
650
_a
Computer probraming
942
_c
BOOK
_k
005/Jai
999
_c
32767
_d
32767